000 00303nam a2200133Ia 4500
005 20251222152721.0
008 251222s9999||||xx |||||||||||||| ||spa||
020 _a8432065331
082 _a800/P66
245 0 _aTres Novelas del Siglo de Oro
250 _a1ra. ed.
264 _bPlaneta
942 _cLIB
999 _c29586
_d29586